000 00307nam a22001457a 4500
008 211011b ||||| |||| 00| 0 eng d
020 _a9780324261059
041 _aeng
080 _22nd
_a004
082 _a004
100 _a28
101 _aSHKI
245 _aCyberEthics
_cHalbert,T
942 _2udc
_cBK
999 _c58130
_d58130